Applications and design with analogic's / (Record no. 42377)

MARC details
000 -LEADER
fixed length control field 00830nam a22002297a 4500
005 - DATE AND TIME OF LATEST TRANSACTION
control field 20100818111233.0
010 ## - LCCN (DPL NO)
LC control number ENG-100813
020 ## - INTERNATIONAL STANDARD BOOK NUMBER
International Standard Book Number 9789380060927
Terms of availability 120.00
035 ## - SYSTEM CONTROL NUMBER
System control number EN-84346
037 ## - SOURCE OF ACQUISITION
Source of stock number/acquisition DBAD/PUB
082 ## - DEWEY DECIMAL CLASSIFICATION NUMBER
Classification number 621.3815
100 ## - MAIN ENTRY--PERSONAL NAME
Personal name Kesavan, M.
245 ## - TITLE STATEMENT
Title Applications and design with analogic's /
Statement of responsibility, etc by M. Kesavan
260 ## - PUBLICATION, DISTRIBUTION, ETC. (IMPRINT)
Place of publication, distribution, etc Salem
Name of publisher, distributor, etc M. S. K. Publications
Date of publication, distribution, etc 2009
270 ## - ADDRESS
Address 3/189-E, Athanoor Amman Kovil St., Masinayaganpatti-post, Ayyothiyappattinam
City Salem
Postal code 636103
300 ## - PHYSICAL DESCRIPTION
Extent 58 p.
Dimensions 22cm (Pbk)
500 ## - GENERAL NOTE
General note Includes bibliographical references
650 ## - SUBJECT ADDED ENTRY--TOPICAL TERM
Topical term or geographic name as entry element Electronics
700 ## - ADDED ENTRY--PERSONAL NAME
9 (RLIN) 4162
942 ## - ADDED ENTRY ELEMENTS (KOHA)
Source of classification or shelving scheme Dewey Decimal Classification
Item type English Books
Classification part 621.3815
Call number suffix KES
Holdings
Withdrawn status Lost status Not for loan Collection code Home library Current library Date acquired Cost, normal purchase price Full call number Barcode Copy number Cost, replacement price Koha item type
    Not For Loan Non-fiction D.B.Act.Division D.B.Act.Division 18/08/2010 120.00 621.3815 KES EN-84346 1 120.00 English Books

© Delhi Public Library
Hit Counter
free hit counter